Improving the energy efficiency of our buildings (Record no. 107899)

MARC details
000 -LEADER
fixed length control field 02079cad a22002655a 4500
001 - CONTROL NUMBER
control field L142492
008 - FIXED-LENGTH DATA ELEMENTS--GENERAL INFORMATION
fixed length control field 080219s2008 xxk f f000 0 eng d
020 ## - INTERNATIONAL STANDARD BOOK NUMBER
International Standard Book Number 9781409802471
035 ## - SYSTEM CONTROL NUMBER
System control number (Sirsi) u142492
041 0# - LANGUAGE CODE
Language code of text/sound track or separate title eng
050 04 - LIBRARY OF CONGRESS CALL NUMBER
Classification number 333.33 $2 18
110 1# - MAIN ENTRY--CORPORATE NAME
Corporate name or jurisdiction name as entry element United Kingdom
Subordinate unit Department for Communities and Local Government
9 (RLIN) 4939
245 00 - TITLE STATEMENT
Title Improving the energy efficiency of our buildings
Remainder of title a guide to energy performance certificates for the construction, sale and let of non-dwellings (second edition 2008)
Medium [electronic resource]
260 ## - PUBLICATION, DISTRIBUTION, ETC.
Place of publication, distribution, etc. London
Name of publisher, distributor, etc. DCLG
Date of publication, distribution, etc. 2008
505 2# - FORMATTED CONTENTS NOTE
Formatted contents note Preface -- Introduction -- What are energy performance certificates -- Obtaining an energy performance certificate -- Applying the regulations in practice -- Assessing the energy performance of a building -- Consumer protection and enforcement -- Questions and answers -- Glossary -- Annex A -- Annex B
520 ## - SUMMARY, ETC.
Summary, etc. Provides an introduction to energy performance certificates for non-dwellings. Describes the scope and requirements of the Regulations that apply on construction, sale or let and provides guidance on how they should be applied in practice. Whilst this is official UK Government guidance, is not a statement of the law. It is intended to help prospective sellers, buyers, landlords, occupiers, building managers, builders and their agents understand how the Directive and Regulations work in practice, how to apply the Regulations, what their responsibilities are and when energy certificates are required.
590 ## - LOCAL NOTE (RLIN)
Local note KA
650 24 - SUBJECT ADDED ENTRY--TOPICAL TERM
Topical term or geographic name entry element COMMERCIAL ENERGY PERFORMANCE CERTIFICATES
650 24 - SUBJECT ADDED ENTRY--TOPICAL TERM
Topical term or geographic name entry element EUROPEAN ENERGY PERFORMANCE OF BUILDINGS DIRECTIVE 2002/91/EC
650 24 - SUBJECT ADDED ENTRY--TOPICAL TERM
Topical term or geographic name entry element ENERGY PERFORMANCE OF BUILDINGS (CERTIFICATES AND INSPECTIONS) (ENGLAND AND WALES) REGULATIONS 2007
651 #4 - SUBJECT ADDED ENTRY--GEOGRAPHIC NAME
Geographic name England and Wales
Chronological subdivision 1543-
690 ## - LOCAL SUBJECT ADDED ENTRY--TOPICAL TERM (OCLC, RLIN)
Topical term or geographic name as entry element ENVIRONMENTAL AND LAND CONSULTANCY-ENERGY-ENERGY USE-ENERGY EFFICIENCY
856 40 - ELECTRONIC LOCATION AND ACCESS
Uniform Resource Identifier <a href="https://www.communities.gov.uk/publications/planningandbuilding/nondwelling">https://www.communities.gov.uk/publications/planningandbuilding/nondwelling</a>
Public note View this item free of charge at www.communities.gov.uk...
942 ## - ADDED ENTRY ELEMENTS (KOHA)
Suppress in OPAC 0
Holdings
Withdrawn status Lost status Source of classification or shelving scheme Damaged status Not for loan Home library Current library Shelving location Date acquired Total Checkouts Full call number Barcode Date last seen Copy number Price effective from Koha item type
    Dewey Decimal Classification     Virtual Virtual Online 19/02/2008   L142492 142492-1001 06/08/2019 1 06/08/2019 Book